000 00414nam a2200181Ia 4500
001 20882
005 20260306172838.0
008 260306t2022||||xx |||||||||||||| ||spa||
041 _aESP
082 _a343.8
_bM86S
100 _aMorales Mejía, Jaime
_eAUT
245 0 _aSOS tributario
260 _c2022
300 _a208 páginas :
_c24 cm.
650 _aGEN
654 _aCCO
942 _cLIB
_dJUS
_fJUS
_2ddc
_n
999 _c20882
_d20882